Мифы и легенды народов мира; Древняя Индия: сборник

Detalles Bibliográficos
Outros autores: Немировский А. И. Александр Иосифович (составитель)
Summary:Мифы и легенды народов мира — величайшее культурное наследие человечества, интерес к которому не угасает на протяжении многих столетий. И не только потому, что они сами по себе — шедевры человеческого гения, собранные и обобщенные многими поколениями великих поэтов, писателей, мыслителей. Знание этих легенд и мифов дает ключ к пониманию поэзии Гёте и Пушкина, драматургии Шекспира и Шиллера, живописи Рубенса и Тициана, Брюллова и Боттичелли. Настоящее издание — это попытка дать возможность читателю в наиболее полном, литературном изложении ознакомиться с историей и культурой многочисленных племен и народов, населявших в древности все континенты нашей планеты. В данном томе вошли мифы, легенды и сказания Древней Индии.
Idioma:ruso
Publicado: Москва, Литература, 2004
Subjects:
Formato: Libro
KOHA link:https://koha.lib.tpu.ru/cgi-bin/koha/opac-detail.pl?biblionumber=63429

MARC

LEADER 00000nam0a2200000 4500
001 63429
005 20231031064250.0
010 |a 5840506443 
035 |a (RuTPU)RU\TPU\book\67319 
090 |a 63429 
100 |a 20040512d2004 km y0rusy50 ca 
101 0 |a rus 
102 |a RU 
105 |a a z 001zy 
200 1 |a Мифы и легенды народов мира  |a Древняя Индия  |e сборник  |f сост. А. И. Немировский 
210 |a Москва  |c Литература  |c Мир книги  |d 2004 
215 |a 432 с.  |c ил. 
320 |a Библиогр.: с. 423-426. 
330 |a Мифы и легенды народов мира — величайшее культурное наследие человечества, интерес к которому не угасает на протяжении многих столетий. И не только потому, что они сами по себе — шедевры человеческого гения, собранные и обобщенные многими поколениями великих поэтов, писателей, мыслителей. Знание этих легенд и мифов дает ключ к пониманию поэзии Гёте и Пушкина, драматургии Шекспира и Шиллера, живописи Рубенса и Тициана, Брюллова и Боттичелли. Настоящее издание — это попытка дать возможность читателю в наиболее полном, литературном изложении ознакомиться с историей и культурой многочисленных племен и народов, населявших в древности все континенты нашей планеты. В данном томе вошли мифы, легенды и сказания Древней Индии. 
610 1 |a мифы 
610 1 |a мифология 
610 1 |a первобытная религия 
610 1 |a Древняя Индия 
686 |a Э31  |v LBC/SL-A  |2 rubbk 
686 |a Э33  |v LBC/SL-A  |2 rubbk 
702 1 |a Немировский  |b А. И.  |g Александр Иосифович  |4 220 
801 1 |a RU  |b 63413507  |c 20040512  |g PSBO 
801 2 |a RU  |b 63413507  |c 20120419  |g PSBO 
942 |c BK